| 000 | 00722nam a2200241Ia 4500 | ||
|---|---|---|---|
| 003 | OSt | ||
| 005 | 20220927105406.0 | ||
| 006 | a|||||r|||| 00| 0 | ||
| 007 | ta | ||
| 008 | 220926b |||||||| |||| 00| 0 eng d | ||
| 020 | _a0415424151 | ||
| 024 | _a188611 | ||
| 037 | _cReference Collections | ||
| 040 |
_aRTL _cRTL _beng |
||
| 041 |
_2eng _aeng |
||
| 082 | _a"Y:3(S5).2.N, P7" | ||
| 100 |
_aSrivastava Sanjay _9372160 |
||
| 245 | 0 |
_aPassionate Modernity _b"Sexuality, Class and Consumption in India" |
|
| 260 |
_aNew _bDelhi Routledge _c2007 |
||
| 300 |
_a"viii, 397p" _ccm. |
||
| 942 |
_h"Y:3(S5).2.N, P7" _cCC |
||
| 999 |
_c692295 _d692295 |
||